000 00442nam a2200157 a 4500
001 000031336
005 20200930062847.0
008 110620s19uu dr a 000 0 spa d
040 _aDO-SdBNP
_bspa
_cBNPHU
082 _axxx
_bP252
100 1 _aParks, Gabe C.
_957779
245 1 0 _aConferencias de periodísmo /
_cGabe C. Parks.
260 _aSanto Domingo :
_bEditorial Stella,
_c[s.f.].
300 _a40 p. :
_bil. ;
_c21 cm.
049 _aBNPD
999 _c30828
_d30828